Barcelona es mucho más = Barcelona askoz ere gehiago da
Descripción Física:
1 tríptic : fot. col. ; 21 cm
Materias:
Turisme -- Barcelona (Catalunya)
MARC
| LEADER | 00000nam a2200000Ia 4500 | ||
|---|---|---|---|
| 001 | 23456 | ||
| 003 | BGR | ||
| 005 | 20260324180551.0 | ||
| 008 | 160829s2012 xx 000 0 cat d | ||
| 080 | |a FU-61-38 | ||
| 245 | |a Barcelona es mucho más = Barcelona askoz ere gehiago da | ||
| 260 | |a Barcelona : |b Diputació de Barcelona, |c 2012 | ||
| 300 | |a 1 tríptic : |b fot. col. ; |c 21 cm | ||
| 590 | |a Text en castellà i basc. | ||
| 590 | |a A la coberta: BCN+. | ||
| 590 | |a Hi ha un exemplar en català i francès amb R. 23455 | ||
| 650 | 0 | |a Turisme |z Barcelona (Catalunya) |9 48868 | |
| 710 | 1 | |a Barcelona (Catalunya : Província). |b Diputació |9 52408 | |
| 710 | 2 | |a Barcelona es Mucho Más |9 51683 |e Marca turística | |
| 710 | 2 | |a Barcelona azkoz ere gehiago da |9 52851 |e marca turística | |
| 901 | |a Arxiu | ||
| 942 | |n 1 |2 udc |c MON | ||
| 952 | |0 0 |1 0 |4 0 |6 FU6138 |7 1 |9 54917 |a Arxiu |b Arxiu |d 2012-07-05 |l 0 |o FU-61-38 |p 23456 |r 2016-12-01 00:00:00 |w 2016-12-01 |y ARXIU | ||
| 999 | |c 58787 |d 58787 | ||